| 000 | 01145 a2200229 4500 | ||
|---|---|---|---|
| 999 |
_c332285 _d332285 |
||
| 003 | NUST | ||
| 005 | 20171122124358.0 | ||
| 008 | 171122b xxu||||| |||| 00| 0 eng d | ||
| 020 | _a9789694073397 | ||
| 040 | _c0 | ||
| 082 | _a913.34 MAR | ||
| 100 |
_aMarshall,Sir John _96669 |
||
| 245 |
_aA Guide to Taxila _cSir John Marshall. |
||
| 260 |
_aKarachi _bRoyal Book company _c2007 |
||
| 300 | _axxii,196p. | ||
| 500 | _aH.B | ||
| 505 | _aTopographical (Page-1),Historical (Page-10), Bhir Mound(Page-47), Sirkap(Page-60),Temple Of Jandial (Page-85), Sirsukh (Page-91),Biddhist Monasteries (Page-95),The Dharmarajike (Page-102),Khader Mohra (Page-124),Kalawan (Page-129),Giri (Page-143),Kunala (Page-150),Mohra Moradu (Page-156),Jaulian (Page-164),Bhamala (Page-171),Bhallar Lalchak (Page-178). | ||
| 538 | _aAlmirah No.60 Shelf No.6 | ||
| 600 |
_aby Sir John Marshall. _96670 |
||
| 650 |
_a guide to Taxila _96671 |
||
| 942 |
_2ddc _cBK _kIESE |
||